Transmedias para la divulgación, uso y apropiación de investigaciones e innovaciones pedagógicas. Informe final.

El documento recoge el desarrollar del proceso de investigación y formación, con el fin de cualificar el uso y apropiación de los resultados de investigaciones e innovaciones pedagógicas financiadas y apoyadas por el IDEP, en cinco (5) colegios oficiales del Distrito Capital, mediante la producción...

Descrizione completa

Salvato in:
Dettagli Bibliografici
Autore principale: García Ramírez, Diego
Enti autori: Corporación Universitaria Minuto de Dios, UNIMINUTO, Instituto para la Investigación Educativa y Desarrollo Pedagógico, IDEP
Altri autori: Solano Salinas, Rigoberto
Natura: Libro
Lingua:Spanish
Pubblicazione: Bogotá: IDEP, 2019.
Soggetti:
Accesso online:Enlace del recurso
Tags: Aggiungi Tag
Nessun Tag, puoi essere il primo ad aggiungerne! !

MARC

LEADER 00000cam a2200000 a 4500
003 OSt
005 20251026064440.0
007 ta
008 190524s2019 ck fr o000|| spa
999 |c 5726  |d 5726 
040 |a CO-BoIIE  |b spa  |e RCAA 
084 |a INV615 
100 |a García Ramírez, Diego  |9 830 
245 1 |a Transmedias para la divulgación, uso y apropiación de investigaciones e innovaciones pedagógicas. Informe final.   |c Por Diego García Ramírez & Rigoberto Solano Salinas. 
260 3 |a Bogotá:   |b IDEP,   |c 2019. 
300 |a 81 páginas.  |b Incluye gráficas; tablas. 
500 |a Informe final de investigación, que fue producto del contrato No. 81 de 2017, que fue celebrado entre Diego García Ramírez, Rigoberto Solano Salinas y el Instituto para la Investigación Educativa y Desarrollo Pedagógico, IDEP. 
504 |a Bibliografía: Páginas 67 - 73. 
505 0 |t 1. Introducción.  |t 2. Planteamiento del problema.  |t 3. Justificación.  |t 4. Objetivos.  |t 5. Marco conceptual.  |t 6. Perspectiva metodológica.  |t 7. Resultados y análisis.  |t 8. Recomendaciones para la divulgación, uso y apropiación social del conocimiento derivado de investigaciones e innovaciones pedagógicas mediante narrativas transmedia.  |t 9. Referencias. 
520 3 |a El documento recoge el desarrollar del proceso de investigación y formación, con el fin de cualificar el uso y apropiación de los resultados de investigaciones e innovaciones pedagógicas financiadas y apoyadas por el IDEP, en cinco (5) colegios oficiales del Distrito Capital, mediante la producción de narrativas con el fin de divulgarlas de manera innovadora (transmedia) de forma que impacten de manera más eficaz a sus comunidades académicas. 
650 1 7 |a Calidad de la educación  |2 ELSST  |9 19199 
650 1 7 |a Evaluación educativa  |2 BNE  |9 19200 
650 1 7 |a Investigación educativa  |2 ELSST  |9 19201 
650 1 7 |a Recursos para la educación  |2 ELSST  |9 17546 
650 1 4 |a Investigaciones  |9 4956 
700 1 |a Solano Salinas, Rigoberto  |9 18995 
710 2 |a Corporación Universitaria Minuto de Dios, UNIMINUTO  |9 39 
710 2 |a Instituto para la Investigación Educativa y Desarrollo Pedagógico, IDEP  |9 17 
942 |c MO  |2 LOC  |h INV615  |i Ej. 1  |6 INV_615_000000000000000_EJ__1 
856 |u https://catalogo.idep.edu.co/cgi-bin/koha/opac-detail.pl?biblionumber=5726  |z Enlace del recurso